[Event "Panevezys op-A"]
[Site "Panevezys"]
[Date "2018.07.05"]
[Round "8"]
[White "Bazevicius, Albertas"]
[Black "Braziunaite, Rasa"]
[Result "1-0"]
[WhiteElo "1851"]
[BlackElo "1616"]
[PlyCount "99"]
[EventDate "2018.06.29"]
[EventType "swiss"]
[EventRounds "9"]
[EventCountry "LTU"]
[SourceTitle "CBM 185 Extra"]
[Source "ChessBase"]
[SourceDate "2018.07.29"]
[SourceVersion "1"]
[SourceVersionDate "2018.07.29"]
[SourceQuality "1"]

1. e4 d5 2. exd5 Qxd5 3. Nc3 Qa5 4. d4 c6 5. Nf3 Bg4 6. h3 Bxf3 7. Qxf3 Nf6 8. Bd2 Qb6 9. 0-0-0 Nbd7 10. Be3 Qc7 11. d5 cxd5 12. Nxd5 Nxd5 13. Qxd5 Rc8 14. Qb3 a6 15. Rd2 e6 16. Be2 Bc5 17. Rhd1 Bxe3 18. Qxe3 0-0 19. g4 Nb6 20. Qb3 a5 21. a4 Nd5 22. Kb1 b6 23. Bb5 Qc5 24. c3 Qe7 25. Bc4 Nf4 26. Bf1 Rb8 27. c4 Rfd8 28. Qxb6 Rxb6 29. Rxd8+ Qf8 30. Rxf8+ Kxf8 31. Kc2 Ke7 32. Kc3 e5 33. Rb1 Rb4 34. b3 Kd6 35. Rd1+ Kc7 36. h4 f6 37. Bd3 g6 38. h5 Rb8 39. Be4 gxh5 40. gxh5 Nxh5 41. Rh1 Nf4 42. Rxh7+ Kb6 43. Rf7 Ne2+ 44. Kb2 Nd4 45. Rxf6+ Kc5 46. Bc2 e4 47. Rf4 Nxc2 48. Kxc2 Re8 49. Rf5+ Kd4 50. Rd5# 1-0

[Event "Panevezys op-A"]
[Site "Panevezys"]
[Date "2018.06.30"]
[Round "3"]
[White "Staskeviciute, Darija"]
[Black "Braziunaite, Rasa"]
[Result "1/2-1/2"]
[WhiteElo "1543"]
[BlackElo "1616"]
[PlyCount "105"]
[EventDate "2018.06.29"]
[EventType "swiss"]
[EventRounds "9"]
[EventCountry "LTU"]
[SourceTitle "CBM 185 Extra"]
[Source "ChessBase"]
[SourceDate "2018.07.29"]
[SourceVersion "1"]
[SourceVersionDate "2018.07.29"]
[SourceQuality "1"]

1. d4 Nf6 2. c4 e6 3. Nf3 Bb4+ 4. Bd2 Bxd2+ 5. Qxd2 Ne4 6. Qc2 f5 7. g3 c6 8. Bg2 0-0 9. 0-0 d5 10. Nbd2 Nd7 11. Rac1 b6 12. Nb3 Qe7 13. Nfd2 Rb8 14. f3 Nxd2 15. Nxd2 f4 16. g4 Qf6 17. Qc3 Qg5 18. cxd5 cxd5 19. Qc7 Qf6 20. Nb3 Rb7 21. Qd6 Rd8 22. Qa3 a5 23. Rfd1 Nb8 24. Rc3 Bd7 25. Nc1 Nc6 26. Rcd3 b5 27. Qc3 Nb4 28. R3d2 Rc8 29. Qb3 Rbc7 30. Nd3 Nxd3 31. Qxd3 Qg5 32. Qa3 a4 33. Rd3 Rc1 34. Qd6 R8c7 35. Bf1 R1c6 36. Qb4 Rc4 37. Qd6 Bc8 38. Qb6 h5 39. h3 b4 40. Qb5 Bd7 41. Qb8+ Rc8 42. Qd6 R8c7 43. Qb6 Qh4 44. Qb8+ Kh7 45. Qf8 Qg3+ 46. Kh1 Rc1 47. Qf7 Bb5 48. Qxh5+ Kg8 49. R3d2 Rxd1 50. Rxd1 Rc2 51. Qg6 Rc6 52. Qe8+ Kh7 53. Qh5+ 1/2-1/2

[Event "San Sebastian de los Reyes op 18th"]
[Site "San Sebastian"]
[Date "2016.12.04"]
[Round "2"]
[White "Cabanas Bravo, Juan Andres"]
[Black "Braziunaite, Rasa"]
[Result "1-0"]
[WhiteElo "1971"]
[BlackElo "1507"]
[PlyCount "103"]
[EventDate "2016.12.03"]
[EventType "swiss"]
[EventRounds "9"]
[EventCountry "ESP"]
[SourceTitle "CBM 176 Extra"]
[Source "ChessBase"]
[SourceDate "2017.03.02"]
[SourceVersion "1"]
[SourceVersionDate "2017.03.02"]
[SourceQuality "1"]

1. e4 e5 2. c3 d5 3. Nf3 dxe4 4. Qa4+ Nd7 5. Nxe5 Qe7 6. Ng4 c6 7. Ne3 Nb6 8. Qb3 Be6 9. c4 f5 10. a4 Rb8 11. Qc3 Nf6 12. b3 Nbd7 13. Ba3 c5 14. Qa5 Ne5 15. Qxa7 Nc6 16. Qb6 Qd6 17. Bb2 Be7 18. Na3 Nd7 19. Qb5 0-0 20. a5 Ra8 21. Nac2 Bd8 22. Bc3 Nd4 23. Nxd4 cxd4 24. Bb4 Qc7 25. Nc2 Rf7 26. Nxd4 Rf6 27. Nxe6 Rxe6 28. Qd5 Kf7 29. Be2 Nf6 30. Qxf5 Re5 31. Qf4 g5 32. Qg3 Nd7 33. Bh5+ Kg8 34. Bc3 Rf5 35. Qxc7 Bxc7 36. Bg4 Rf7 37. Be6 Nc5 38. Bxf7+ Kxf7 39. b4 Nd3+ 40. Ke2 Re8 41. g3 Be5 42. a6 bxa6 43. Rxa6 Bxc3 44. dxc3 Ne5 45. c5 Rd8 46. Rd1 Re8 47. c6 Re7 48. b5 Kg7 49. Rd6 Rf7 50. b6 Nc4 51. Rd7 Rxd7 52. cxd7 1-0